| 000 | 00491nam a22001817a 4500 | ||
|---|---|---|---|
| 003 | OSt | ||
| 005 | 20140310183007.0 | ||
| 008 | 130211t xxu||||| |||| 00| 0 eng d | ||
| 020 | _a9719241543 | ||
| 050 |
_aDS 688 _b.Y81 2008 |
||
| 245 | _aYour guide to Cebu Philippines / | ||
| 260 |
_aManila : _b PDP Digital, _c2008. |
||
| 300 |
_a132 p. : _bcol. ill. ; _c22 cm. |
||
| 521 | _aTOU | ||
| 650 |
_aCebu (Island, Philippine) _xTravel and tourism |
||
| 942 |
_2lcc _cBK _kLOC |
||
| 999 |
_c18180 _d18180 |
||